[Event "Krakow op-D"]
[Site "Krakow"]
[Date "2000.12.30"]
[Round "4"]
[White "Igla, Bartlomiej"]
[Black "Gierula, Marek"]
[Result "1/2-1/2"]
[WhiteElo "1600"]
[BlackElo "1600"]
[PlyCount "72"]
[EventDate "2000.12.??"]
[EventType "swiss"]
[EventRounds "9"]
[EventCountry "POL"]
[SourceTitle "EXT 2005"]
[Source "ChessBase"]
[SourceDate "2004.11.15"]
[SourceVersion "1"]
[SourceVersionDate "2004.11.15"]
[SourceQuality "1"]

1. e4 c5 2. Nf3 d6 3. c4 Nf6 4. Nc3 e6 5. d3 a6 6. g3 Be7 7. Bg2 0-0 8. 0-0 e5 9. Be3 Nc6 10. a3 Rb8 11. Rb1 Nd4 12. Bxd4 cxd4 13. Nd5 Nxd5 14. cxd5 Bd7 15. Rc1 Rc8 16. Qd2 Qb6 17. Rxc8 Rxc8 18. Rc1 Rxc1+ 19. Qxc1 h6 20. b4 a5 21. Qb2 a4 22. Nd2 Bb5 23. Nc4 Qa6 24. Qc2 Bxc4 25. Qxc4 Qxc4 26. dxc4 b6 27. Bf3 Bg5 28. Bd1 Bc1 29. Bxa4 Bxa3 30. b5 g5 31. h4 f6 32. Kg2 Bc5 33. Kh3 Kg7 34. f4 gxf4 35. gxf4 Kf7 36. Kg4 Kg7 1/2-1/2